| 000 | 00778nam a22002177a 4500 | ||
|---|---|---|---|
| 999 |
_c11708 _d11708 |
||
| 003 | AR-CdUCM | ||
| 008 | 190404b ||||| |||| 00| 0 spa d | ||
| 040 |
_aMUNICIPALIDAD PROVINCIAL DEL CUSCO _cBIBLIOTECA MUNICIPAL DEL CUSCO |
||
| 082 |
_23ed _a373.22 / _bL98 / 1949 |
||
| 100 |
_aLuzuriaga, Lorenzo _96575 |
||
| 245 | _aLa educación nueva / | ||
| 260 |
_aBuenos Aires : _bEdit. Losada, _c1949. |
||
| 300 |
_a204 páginas ; _c19 cm. |
||
| 440 |
_aBiblioteca del maestro _n14 _910013 |
||
| 505 | _aContenido: Desarrollo histórico de la educación nueva -- Las ideas -- Los métodos -- Las instituciones -- Las reformas. | ||
| 650 |
_aBibliografía _91484 |
||
| 650 |
_aEducación _9460 |
||
| 650 |
_aMetodología _92264 |
||
| 942 |
_2ddc _cLIBROS |
||
| 945 |
_adavv _d04/04/2019 |
||